000 00539nam a22002057a 4500
003 koha_MIRAKIL
005 20231213095859.0
008 231213b |||||||| |||| 00| 0 ||| d
020 _b9-75879022-6
040 _aTR-IsEVY
_btur
_cTR-IsEVY
082 _a591 KUŞ
100 _ahazırlayanlar Gallimard Jeunesse...[ve diğerleri] ; resimleyen Rene Mettler.
245 0 _aKuşlar
250 _a1. bs.
260 _bMarsık Yayıncılık,
_c2004
300 _a[18] s.
650 _aAnimals.
650 _aBirds.
942 _2ddc
_cBK
999 _c10969
_d10969